header

Estuarine and coastal modeling (Record no. 82631)

MARC details
000 -LEADER
fixed length control field 01779nam a2200361 a 4500
082 04 - DEWEY DECIMAL CLASSIFICATION NUMBER
Classification number 551.46/18015118
245 10 - TITLE STATEMENT
Title Estuarine and coastal modeling
260 ## - PUBLICATION, DISTRIBUTION, ETC. (IMPRINT)
Place of publication Reston, Va. :
Name of publisher American Society of Civil Engineers,
Year of publication 2010.
300 ## - PHYSICAL DESCRIPTION
Number of Pages viii, 784 p. :
Other physical details ill., maps.
650 #0 - SUBJECT ADDED ENTRY--TOPICAL TERM
Topical Term Floodplain management
Topical Term Watershed management
Topical Term Estuaries
Topical Term Floodplains
700 1# - ADDED ENTRY--PERSONAL NAME
Personal name Spaulding, Malcolm L.
856 40 - ELECTRONIC LOCATION AND ACCESS
Uniform Resource Identifier http://site.ebrary.com/lib/rucke/Doc?id=10582934

No items available.

© 2026 Rongo University
Contact us: librarian | system librarian | Rongo university